Reglamento de softbol /
Guardado en:
| Formato: | Libro |
|---|---|
| Publicado: |
Argentina :
Stadium,
1999
|
| Materias: | |
| Etiquetas: |
Agregar Etiqueta
Sin Etiquetas, Sea el primero en etiquetar este registro!
|
| LEADER | 00465nam a22001695a 4500 | ||
|---|---|---|---|
| 001 | CEM.cems016850 | ||
| 005 | 20091116112807.0 | ||
| 008 | 130507s1999##################000#0#####d | ||
| 003 | CEMS | ||
| 082 | 0 | 4 | |a 796.32 |
| 245 | 0 | 0 | |a Reglamento de softbol / |c , |
| 260 | |a Argentina : |b Stadium, |c 1999 | ||
| 300 | |a 112 | ||
| 653 | |a Educacion fisica | ||
| 653 | |a Reglamentos | ||
| 653 | |a Softbol-reglamento | ||
| 859 | |a CEMS |b BIB. CEMS - Agricultura |h 796.32 |i R263 |p A0223.00 |t Ej.1 |v 1 |3 Vol. 1 | ||
